000 00718nam a2200217 i 4500
001 30077
003 ES-MaACL
005 20250823091344.0
007 t|
008 030123s1912 sp |||| | spa d
100 1 _aBarroso, Mateo H.
_926065
245 1 3 _aLa IX sinfonía de Beethoven
_b: ensayo de crítica y estética musical /
_cMateo H. Barroso.
260 _aMadrid :
_b[s.n.,
_c1912] (
_fImp. Alemana)
300 _a220 p. ;
_c17 cm.
600 1 7 _aBeethoven, Ludwig van,
_d1770-1827
_2embne
_9240507
650 7 _aCrítica musical
_2embne
_9150272
650 7 _aEstética musical
_2embne
_912548
852 _aES-MaACL
_jF-2717
852 _aES-MaACL
_jR-2622
_xOlim:F-695
999 _c30077
_d30077